000 00565nam a2200157 4500
999 _c7548
_d7548
008 170929b xxu||||| |||| 00| 0 eng d
022 _a01181831
082 _aDPer 613.05 H34 Jul-Nov 2013
100 _922852
_aLaraya, Maricel Moreno.
245 _aStaying power:
_bstrategies to nurture commitment and focus for your life and its changing phases/
_cMaricel-Moreno Laraya.
260 _aPhilippines:
_bMIMS Pte Ltd KDN,
_c©2013.
300 _apages 84-86:
_billustrations;
_c28 cm.
500 _aHealth today.
650 0 _922853
_aCareer.
942 _2ddc
_cPER